• 首页
  • 本馆介绍
  • 公告通知
  • 最新文献
  • 馆藏检索
  • 电子资源
  • 读者导购
  • 参考咨询
  • 我的图书馆
  • 登录
  • 详细信息显示
  • 放入我的书架
  • 预约/预借图书
  • 作者相关作品
  • 分类相关作品
  • 丛书相关作品
  • 出版社相关作品

书目信息

  • 表格格式
  • 工作单格式
  • 卡片格式
题名:
失败的罗辑
    
 
作者: 德尔纳 著 ;王志刚 译
分册:  
出版信息: 上海   上海科技教育出版社  1999.09
页数: 195页
开本: 32开
丛书名: 哲人石丛书
单 册:
中图分类: N03
科图分类:
主题词: 自然科学--科学方法论
电子资源:
ISBN: 7-5428-2079-6
000 00842nam0 2200241 45
001 0110060955
005 20031219104050.9
010    @a7-5428-2079-6@dCNY15.00
100    @a20011006d1999 km y0chiy0120 ea
101 0  @achi@cger
105    @a z 000yy
200 1  @a失败的罗辑@AShi Bai De Luo Ji@e事情因何出错,世间有无妙策@EShi Qing Yin He Chu Cuo,Shi Jian You Wu Miao Ce@f(德)德尔纳著@F(De)De Er Na Zhu@g王志刚译
210    @a上海@c上海科技教育出版社@d1999.09
215    @a195页@d32开
225    @a哲人石丛书@i当代科普名著系列
410    @12001 @a哲人石丛书
517    @a事情因何出错,世间有无妙策@AShi Qing Yin He Chu Cuo,Shi Jian You Wu Miao Ce
606 0  @a自然科学@x科学方法论
690    @aN03@v4
701    @a德尔纳@4著
702  0 @a王志刚@AWang Zhi Gang@4译
801    @aCN@bTSTC@c20011006
905    @f5@b299086-090@dN03@e103
    
    失败的罗辑:事情因何出错,世间有无妙策/(德)德尔纳著/王志刚译.-上海:上海科技教育出版社,1999.09
    195页;32开.-(哲人石丛书.当代科普名著系列)
    
    
    ISBN 7-5428-2079-6:CNY15.00
    
●
相关链接 在E读中查询图书 在五车中查询图书 在当当中查询图书 在豆瓣中查询图书


正题名:失败的罗辑     索取号:N03/103         预约/预借

序号 登录号 条形码 馆藏地/架位号 状态 备注
1 0299086   202990861   第三借阅区/ [索取号:N03/103] 在馆    
2 0299087   202990870   第三借阅区/ [索取号:N03/103] 在馆    
3 0299088   202990889   第三借阅区/ [索取号:N03/103] 在馆    
4 0299089   202990898   第三借阅区/ [索取号:N03/103] 在馆    
5 0299090   202990905   第二样本阅览室/ [索取号:N03/103] 在馆    
唐山师范学院图书馆 欢迎您!
大连网信软件有限公司© 版权所有